000 01479nam a2200265 a 4500
001 001598131
003 AR-RoUNCS
005 20260513112318.0
007 ta
008 060313s2000 ag a |r 00| f spa d
020 _a9789500285094
040 _aAR-RoUNCS
_bspa
_cAR-RoUNCS
041 1 _aspa
_hpor
100 1 _aVasconcelos, José Mauro de,
_d1920-1984
_eautor
245 1 0 _aMi planta de naranja-lima /
_cJosé Mauro de Vasconcelos.
250 _a35a ed.
260 _aBuenos Aires :
_bEl Ateneo,
_c2000.
300 _a182 p. :
_bil. ;
_c20 cm.
500 _aTraducido por Haydee M. Jofre Barroso.
520 _aZezé tiene una imaginación gigantesca y sueña con ser sabio y poeta y usar corbata de moño cuando sea adulto. Pero ahora, que es un niño, su padre se quedó sin empleo, su madre trabaja todo el día y sus hermanos mayores le pegan cada vez que hace una travesura. Cuando se siente triste, Zezé cuenta con un amigo muy especial, una planta de naranja lima que le habla con las hojas, las ramas, las raíces, y lo consuela haciéndole escuchar cómo palpita su corazón bajo el tronco. Una novela clásica, emocionante, que combina la crudeza de una situación de profunda miseria e incomprensión con la ingenuidad y la ternura de la infancia, que observa el mundo con una mirada limpia.
650 7 _2embne
_aLiteratura brasileña
655 7 _aNovela corta
_2embne
700 1 _aJofre Barroso, Haydée,
_d1916-2006
_etraductora
942 _2udc
_cOG
_n0
999 _c1013
_d1013